[Event "Rohde op 10th"]
[Site "Sautron"]
[Date "2010.10.28"]
[Round "7"]
[White "Spassov, Liuben"]
[Black "Lalic, Bogdan"]
[Result "1/2-1/2"]
[WhiteElo "2383"]
[BlackElo "2495"]
[Annotator "Primel,D"]
[PlyCount "52"]
[EventDate "2010.10.23"]
[EventType "swiss"]
[EventRounds "9"]
[EventCountry "FRA"]
[SourceTitle "EXT 2012"]
[Source "ChessBase"]
[SourceDate "2011.11.24"]
[SourceVersion "1"]
[SourceVersionDate "2011.11.24"]
[SourceQuality "1"]

1. d4 Nf6 2. Nf3 e6 3. c4 d5 4. g3 dxc4 5. Qa4+ {Cette ancienne ligne n'est
pas très ambitieuse mais elle doit bien convenir au style positionnel du
bulgare} (5. Bg2 $142) 5... Nbd7 (5... c6 6. Qxc4 b5 7. Qc2 {Demarre,J (2190)
-David,A (2587) Syre Memorial op 32nd 2009 (3) 0-1}) (5... Bd7 6. Qxc4 Bc6 7.
Bg2 Bd5 8. Qd3 Be4 9. Qd1 c5 $11) 6. Bg2 a6 7. Nc3 $1 {Forçant les Noirs а
jouer le coup assez passif Rb8 avant de reprendre le P"c4"} (7. Qxc4 $143 b5
$132) 7... Rb8 {[%cal Gb7b5]} 8. Qxc4 b5 9. Qd3 {[%cal Ge2e4]} (9. Qb3 $143 {
Petrosian,T-Panno,O Piatigorsky Cup 1st 1963 (13) 1-0}) 9... Bb7 10. O-O (10.
Bf4 {L'alternative}) 10... c5 (10... Bd6 $5 {Une ligne secondaire intéressante
pour empêcher Bf4} 11. Ng5 Bxg2 12. Kxg2 {Graf,A (2629)-Naiditsch,A (2576)
GER-ch 75th Hoeckendorf 2004 (8) 1-0}) 11. dxc5 Bxc5 (11... Nxc5 12. Qxd8+ Rxd8
13. Be3 Ng4 14. Bxc5 Bxc5 $11 {Itkis,B (2453)-Korobov,A (2559) Illichevsk
Sunny Pawn-A 2006 (3) 1/2}) 12. Bf4 {[%cal Gf4b8] Gagnant un tempo de
dévelopement important} Rc8 13. Ne5 {Conduit а des échanges massifs qui vont
applanir la position et la ligne principale Rad1 laisse un avantage trés
minime aux Blancs} (13. Rad1 $142 {Andersson,U (2635)-Tal,M (2585) World Cup
Skelleftea 1989 (3) 1/2}) 13... Bxg2 14. Kxg2 Nxe5 15. Qxd8+ Rxd8 16. Bxe5 Bd4
$1 $11 17. Bxd4 Rxd4 18. Rfd1 Rxd1 19. Rxd1 Ke7 20. Rd4 (20. a3) 20... Rc8 21.
a4 $5 $146 ({RR} 21. e3 Ne8 22. a4 Nd6 23. axb5 Nxb5 24. Nxb5 axb5 25. Kf3 Rc5
26. Ke2 f5 27. e4 g5 28. exf5 exf5 29. h4 h6 30. hxg5 hxg5 31. Kf3 Ke6 32. Rb4
Kd6 33. Rd4+ Ke6 34. Ke3 {1/2-1/2 Tratar,M (2486)-Gyimesi,Z (2586)/Sibenik
2008/CBM 126 Extra (34)}) 21... bxa4 22. Rxa4 Rb8 23. Rxa6 Rxb2 24. Ra2 Rxa2
25. Nxa2 Kd6 26. Nb4 (26. Kf3) 26... Ke5 1/2-1/2

[Event "Katrineholm"]
[Site "Katrineholm"]
[Date "1999.05.17"]
[Round "6"]
[White "Andersson, Ulf"]
[Black "Lutz, Christopher"]
[Result "1/2-1/2"]
[WhiteElo "2623"]
[BlackElo "2610"]
[Annotator "Ribli,Z"]
[PlyCount "135"]
[EventDate "1999.05.??"]
[EventType "tourn"]
[EventRounds "9"]
[EventCountry "SWE"]
[EventCategory "12"]
[SourceTitle "CBM 071"]
[Source "ChessBase"]
[SourceDate "1999.08.01"]
[SourceVersion "1"]
[SourceVersionDate "1999.08.01"]
[SourceQuality "1"]

{[%mdl 4128]} 1. Nf3 d5 2. d4 Nf6 3. c4 e6 4. g3 {Die Katalanische Eröffnung
ist eine beliebte Waffe des schwedischen Großmeisters. Ribli.} dxc4 5. Qa4+ {
Dieser Zug gilt als weniger gefährlich als die Hauptalternative 5.Nf3.} Bd7 {
Die Alternative 5...Nbd7 ist beliebt. Schwarz kann die Entwicklung nach 6.Qxc4
mit 6...a6 und 7...b5 beenden.} 6. Qxc4 Bc6 {Das ist die Idee von 5...Bd7.
Schwarz hat einen aktiven weißfeldrigen Läufer und neutralisiert den weißen
"Katalanisch-Läufer".} 7. Bg2 Bd5 {Schwarz beabsichtigt den Ausgleichszug ...
c5.} 8. Qd3 Be4 (8... c5 $6 {Jetzt haben wir eine ähnliche Stellung wie in der
Partie, aber die weiße Dame steht auf d3 etwas besser. Deshalb spielte
Andersson 12.Qd1-d3.} 9. Nc3 Bc6 10. O-O $14) 9. Qd1 c5 10. Nc3 Bc6 {Schwarz
muß den Läufer behalten.} 11. O-O Nbd7 12. Qd3 {Weiß hat einen sehr kleinen
Positionsvorteil dank des aktiveren Figurenspiels, aber die Bauernstellung ist
symmetrisch, so daß Schwarz bei gutem Spiel keine großen Probleme hat.} (12.
Be3 Be7 13. dxc5 (13. Rc1 cxd4 14. Qxd4 O-O 15. Rfd1 Qa5 16. Ng5 Bxg2 17. Kxg2
Rfd8 $11 {Georgiev,K-Portisch,L/Dubai olm 1986 (23)}) 13... Bxc5 14. Bxc5 Nxc5
15. Qxd8+ $5 Rxd8 16. Rac1 Ke7 $11 {0-1 Andersson,U-Illescas Cordoba,M/
Pamplona 1997/Inf 71/(68)}) (12. Bg5 h6 13. Bxf6 Nxf6 $11 {1/2-1/2 Andersson,
U-Krasenkow,M/Rubinstein mem 34th 1997}) (12. Bf4 cxd4 13. Qxd4 Bc5 14. Qd3 O-O
{Ribli} 15. e4 Re8 16. e5 Nd5 17. Nxd5 Bxd5 18. Ng5 Nf8 19. Ne4 Qb6 20. Nxc5
Bxg2 21. Kxg2 Qxc5 {1/2-1/2 Huebner,R-Lutz,C/GER-CupT 1992 (52)}) 12... cxd4 (
12... Qb6 $5 $11 {Ich empfehle diesen Zug. Schwarz nimmt nicht (sofort) auf d4
und hält die Spannung.} 13. Rd1 Rd8 $5 {[%cal Rd8d1]}) 13. Nxd4 Bxg2 {Es ist
ein Erfolg gegenüber anderen Varianten, daß Schwarz den Bg2 tauschen konnte.}
14. Kxg2 Bc5 (14... Be7 15. Rd1 O-O 16. Qb5 Qc8 17. Bf4 a6 18. Qd3 Nb6 19. Rac1
Qd7 20. Qf3 Nbd5 21. Nf5 Rfc8 22. Be5 {1-0 Petrovs,V-Kotov,A/Moscow 1940/
URS-ch (42)}) 15. Nb3 Bb4 16. Ne4 O-O $14 {Schwarz hat eine feste Stellung
ohne Schwächen, aber Weiß entfaltet etwas Initiative.} (16... Nxe4 17. Qxe4 Qb6
18. Be3 Qc6 19. Qxc6 bxc6 20. Rac1 $16 {Schwarz hat einen isolierte Bauern auf
c6.}) 17. Rd1 {[%cal Gd1d7]} Ne5 (17... Nd5 18. Ng5 $14) (17... Nxe4 18. Qxe4
$16 {[%cal Re4b4,Re4b7]}) 18. Qxd8 {Der schwedische Großmeister spielt sehr
gern solche Endspiele mit minimalem Vorteil.} (18. Nxf6+ $5 gxf6 $14 (18...
Qxf6 19. Qb5 $16 {[%cal Rb5b7,Rb5b4]})) 18... Rfxd8 19. Rxd8+ Rxd8 20. Bg5 {
[%cal Rg5d8]} Be7 (20... Neg4 21. Rc1 $14 {[%cal Gc1c7]}) 21. Rc1 {[%cal Gc1c7]
} Kf8 (21... Nxe4 $2 22. Bxe7 Re8 23. Rc7 $16) 22. Nxf6 gxf6 (22... Bxf6 23.
Bxf6 (23. h4 h6 $14) 23... gxf6 24. Rc7 Rd7 25. Rc8+ Kg7 26. f4 $14) 23. Be3
Nc6 (23... a6) 24. f3 f5 25. Kf2 Kg7 (25... Bf6 26. Nc5 {[%csl Gc5]} Bxb2 27.
Rb1 b6 28. Rxb2 bxc5 29. Bxc5+ Kg7 30. Ke3 $14) 26. a3 Rd5 {[%cal Rd5b5,Rb5b2]
Schwarz aktiviert den Turm, plant 27...Rb5.} (26... Bf6 27. Rc2 $14) 27. Rc2 a6
28. Nc1 $1 {Der Springer strebt nach d3, um den Bauern b2 zu verteidigen.} Bf6
29. Nd3 {[%csl Gd3]} Be7 30. Bc5 Bf6 (30... Bxc5+ 31. Nxc5 $14 {[%csl Gc5]
[%cal Gc5b7,Gc5a6]}) 31. Be3 Be7 32. Rc4 {Weiß ist mit Remis nicht zufrieden.}
Rb5 {[%csl Yb3][%cal Gb5b3] Schwarz provoziert den Zug 33.b4. Ansonsten könnte
er ...Rb3 spielen.} 33. b4 (33. Rc2 Rd5 $11 {Dreimalige Stellungswiederholung.}
) 33... Rd5 34. Bc5 Bf6 (34... Bxc5+ 35. Nxc5 $14 {[%csl Gc5]}) 35. Be3 Be7 36.
Bb6 {Weiß hat eine kleine, aber nachhaltige Initiative am Damenflügel.} a5 $1 {
Schwarz möchte soviel Material wie möglich tauschen.} (36... Rb5 $2 37. Bc5 $16
{[%csl Rb5]}) 37. Bc5 (37. bxa5 Nxa5 (37... Bxa3 38. a6 $18 {[%csl Ga6,Rc6]})
38. Rc7 Bd6 (38... Bxa3 39. Nf4 {[%cal Rf4d5,Rf4e6,Gc7g7]} Rb5 40. Nxe6+ Kf6
41. Nf4 $16 Rxb6 $4 42. Nd5+ $18 {[%cal Rd5f6,Rd5b6]}) 39. Bxa5 Rxa5 40. Rxb7
Rxa3 $11) 37... axb4 38. Bxe7 (38. axb4 b5 $11) 38... Nxe7 39. Rxb4 (39. axb4
Nc6 $11) (39. Nxb4 Ra5 40. Rc7 Kf6 41. Rxb7 Rxa3 $11) 39... b5 40. Nf4 Rc5 41.
Rd4 (41. Nd3 Rd5) 41... Ng6 (41... Rc3 $5) 42. Nh5+ (42. Nd3 Rc3 43. Rb4 Rxa3
44. Rxb5 $11) 42... Kh6 43. Nf6 Kg7 44. Nd7 (44. Ne8+ Kf8 45. Nd6 Ke7 $11)
44... Rc7 $11 {Das Material ist reduziert. Mit gutem Spiel konnte Schwarz das
Gleichgewicht herstellen. Die schwarzen Doppelbauern in der f-Linie sind ohne
Bedeutung.} 45. Rd6 Rc3 46. Rd3 Rc7 (46... Rxd3 47. exd3 f4 $11) 47. f4 h5 {
[%cal Gh5h4]} 48. h4 {Weiß legt den Bauern auf h5 fest, aber er ist für die
weißen Figuren praktisch nicht zu erreichen.} Ne7 {[%cal Ge7d5]} 49. Ne5 Nd5 {
[%csl Gd5,Ge5]} 50. Rb3 Nc3 {[%csl Gc3][%cal Gc3b5]} (50... f6 $6 51. Nf3 $14 {
[%cal Gf3d4,Gd4e6,Gd4b5]}) 51. Nf3 Rc4 {[%csl Gc3,Gc4]} 52. Nd2 Rc7 53. Ke3 {
Der weiße König marschiert zum Damenflügel.} Nd1+ 54. Kf3 (54. Kd3 Nf2+ 55. Kd4
Rd7+ 56. Kc3 Rd5 $11) 54... Rc2 {[%csl Gc2,Gd1]} 55. Nb1 f6 $5 {Schwarz opfert
den b-Bauern und erlangt Gegenspiel.} (55... Rc5 $11) 56. Rxb5 e5 {[%csl Rb1,
Rf3][%cal Re5e4,Re4f3] Die logische Folge von 55...f6.} 57. fxe5 fxe5 58. Rxe5
Rb2 {[%csl Rb1] Schwarz gewinnt den Springer.} 59. Rxf5 Rxb1 60. Rxh5 {Weiß
hat zwar vier Bauern für die Figur, aber den a3 verliert er sofort und die
anderen sind für Schwarz auch völlig ungefährlich. Das Remis ist hier bereits
klar.} Rb3+ {[%cal Rb3a3,Rb3f3]} 61. Kf4 Rxa3 62. Rd5 Nc3 (62... Ne3 63. Rd3
Ng2+ 64. Kg4 Ra4+ $11) 63. Rd2 Ra7 64. e3 Rf7+ 65. Kg4 Ne4 66. Rd4 Nf2+ 67. Kg5
Rf3 {[%cal Rf3g3,Rf3e3]} 68. Rd7+ {Und endlich wurde in gleicher Stellung
Remis gegeben.} 1/2-1/2

[Event "Interzonal-14a"]
[Site "Subotica"]
[Date "1987.??.??"]
[Round "6"]
[White "Alburt, Lev O"]
[Black "Ribli, Zoltan"]
[Result "0-1"]
[WhiteElo "2575"]
[BlackElo "2580"]
[Annotator "Ribli,Z"]
[PlyCount "80"]
[EventDate "1987.06.??"]
[EventType "tourn"]
[EventRounds "17"]
[EventCountry "YUG"]
[EventCategory "11"]
[SourceTitle "CBM 003"]
[Source "ChessBase"]
[SourceDate "1988.04.01"]
[SourceVersion "1"]
[SourceVersionDate "1988.04.01"]
[SourceQuality "1"]

1. d4 Nf6 2. c4 e6 3. g3 d5 4. Bg2 dxc4 5. Qa4+ Nbd7 6. Nd2 c6 7. Qxc4 e5 8.
Ngf3 Bd6 $5 9. Ng5 $5 (9. Qc2 $1) 9... Qe7 $8 (9... O-O $2 10. Ne6 $1 $16) 10.
O-O O-O 11. Nde4 Nxe4 12. Nxe4 Nb6 $1 (12... exd4 $2 13. Bg5 $1 $16) 13. Qd3
Bf5 14. Qf3 (14. dxe5 Bxe5 $15 {>< b2}) 14... Bxe4 15. Qxe4 f5 16. Qc2 e4 $1
$15 (16... exd4 $2 17. a4 $1 $44) 17. f3 exf3 18. Bxf3 (18. exf3 f4 $1 $17)
18... Kh8 19. Bd2 f4 $1 20. Kg2 $8 Rf6 21. Rae1 Raf8 22. e4 fxe3 23. Rxe3 (23.
Bxe3 Qf7 $17 {>< a2}) 23... Qf7 24. Qb3 $1 (24. b3 Nd5 $17) 24... Nc4 25. Re2
h6 (25... Nxb2 $5 26. Bg5 Qxb3 27. axb3 Rf5 28. Rxb2 Rxg5 $15) 26. Rff2 a5 $1 (
26... Nxb2 $5 27. Qxf7 R6xf7 28. Bg4 $15) 27. Be1 (27. a3 Nxb2 $1 $17) 27...
Bb4 $1 28. Bxb4 axb4 29. Qd3 Nd6 $17 30. d5 $2 (30. a3 $17) 30... c5 $19 31.
Qe3 b6 {/\ Nf5-d4} 32. g4 Rf4 33. h3 Qf6 34. Qd3 Qg5 {/\ Nf5} 35. Kg1 c4 $1 36.
Qe3 Nf5 37. Qxf4 (37. Qe5 Nd4 $19) 37... Qxf4 38. Bg2 (38. gxf5 {>=}) 38... Nd4
$1 39. Rd2 Qe3 40. d6 c3 0-1

[Event "Bundesliga 0405"]
[Site "Germany"]
[Date "2005.01.29"]
[Round "8.3"]
[White "Ribli, Zoltan"]
[Black "Pelletier, Yannick"]
[Result "1/2-1/2"]
[WhiteElo "2603"]
[BlackElo "2589"]
[Annotator "Ribli,Z"]
[PlyCount "90"]
[EventDate "2004.11.12"]
[EventType "team-tourn"]
[EventRounds "15"]
[EventCountry "GER"]
[SourceTitle "CBM 106"]
[Source "ChessBase"]
[SourceDate "2005.06.06"]
[SourceVersion "1"]
[SourceVersionDate "2005.06.06"]
[SourceQuality "1"]
[WhiteTeam "Tegernsee"]
[BlackTeam "Werder Bremen"]
[WhiteTeamCountry "GER"]
[BlackTeamCountry "GER"]

1. Nf3 Nf6 2. c4 e6 3. g3 d5 4. d4 dxc4 5. Bg2 {Wir haben die Grundstellung
der katalanischen Verteidigung erreicht, in der Schwarz viele Möglichkeiten
besitzt: 5...c5, 5...Nbd7, 5...c6, 5...a6, 5...b5, 5...Be7, 5...Bb4+ und die
Partiefortsetzung. Mein Gegner wählte mit Weiß in einigen Partien ebenfalls
diese Variante.} Nc6 6. Qa4 Bd7 {Diese Variante wird selten gespielt, die
Alternative 6...Bb4+ ist viel populärer. Der Läuferzug wurde zweimal von
Karpov gegen Lautier im Kandidatmatch um die Weltmeinsterschaft 1998 gespielt.}
(6... Bb4+) 7. Qxc4 Na5 8. Qd3 c5 {Der Na5 steht wenig glücklich, aber Schwarz
kommt zu c7-c5.} 9. O-O (9. Ne5 Nc6 10. O-O (10. Nxc6 Bxc6 11. Bxc6+ bxc6 12.
Qf3 Qd5 $11) 10... cxd4 11. Bf4 Bc5 $13 (11... Nd5 $13)) 9... Bc6 10. Nc3 {
Dieser Springerzug erscheint mir viel natürlicher als der Turmzug.} (10. Rd1 c4
11. Qc2 (11. Qc3 b5 $1 $132) 11... Be4 12. Qa4+ Bc6 13. Qc2 Be4 14. Qd2 (14.
Qa4+) 14... h6 $1 15. Qe1 Nc6 16. Qf1 $5 Bd5 17. Nc3 Bb4 18. Nxd5 (18. Ne5 Bxc3
19. Nxc6 Qb6 $5) 18... exd5 19. Ne5 O-O $1 {0-1 Lautier,J-Karpov,A/Ubeda (m/5)
1994/[Karpov,An] (58)}) 10... Be7 {Dieser natürliche Entwicklungszug des
Läufers ist spielbar; die Alternative 10...cxd4 kommt ebenfalls in Betracht,
wonach Schwarz gute Ausgleichchancen besitzt.} (10... c4 $6 11. Qc2 Bb4 12. Bg5
O-O (12... h6 13. Bxf6 Qxf6 14. e4 O-O 15. Rad1 Rac8 16. Ne5 Rfd8 17. f4 Be8
18. d5 $36 {1-0 Donaldson,J-Shapiro,D/Framingham USA 2001/(38)}) 13. Rad1 h6
14. d5 exd5 15. Bxf6 Qxf6 16. Nxd5 Bxd5 17. Rxd5 Nc6 18. Rb1 $14 {1-0 Nielsen,
P-Hjartarson,J/Copenhagen 1996/CBM 54 (64)}) (10... cxd4 11. Nxd4 Bxg2 (11...
Bc5 12. Rd1 Bxg2 13. Qb5+ $5 Nd7 14. Kxg2 a6 15. Qd3 Be7 16. Bf4 {1-0 Tkachiev,
V-Solozhenkin,E/France 2000/EXT 2001 (33)}) 12. Kxg2 Nc6 13. Qb5 a6 (13... Qd7
14. Nxc6 bxc6 15. Qa6 Nd5 16. e4 Nxc3 17. bxc3 Bc5 18. Rd1 Qc8 19. Qa5 Be7 20.
Ba3 $14 {1/2-1/2 Roiz,M-Plachetka,J/Valle d'Aosta ITA 2002/(41)}) 14. Nxc6 Qc7
15. Qc4 Rc8 16. Bf4 Qxc6+ 17. Qxc6+ Rxc6 18. Rac1 Be7 19. Na4 Nd5 20. Rxc6
Nxf4+ 21. gxf4 bxc6 22. Rd1 {1/2-1/2 Antic,D-Lazarevic,S/JUG-sf Niska Banja
1996 (31)}) 11. Rd1 O-O (11... cxd4 12. Nxd4 Bxg2 13. Kxg2 O-O) 12. e4 {
Mit diesem Zug verstärkt Weiß seine Zentrumstellung und kann dem Tausch seines
schwarzfeldrigen Läufers ausweichen.} (12. Bg5 cxd4 13. Nxd4 Bxg2 14. Kxg2 Rc8
$11) 12... cxd4 (12... c4 $2 13. Qe2 $16) 13. Nxd4 Qb6 14. Be3 {[%cal Ge3b6]}
Ng4 (14... Qxb2 $4 15. Rab1 Qa3 16. Nc2 $18) 15. Nf5 $5 $146 {[%mdl 4] Dieser
Zug bietet Weiß einen kleinen, aber dauerhaften Positionsvorteil.} (15. Nxc6
Qxc6 16. Bd4 Rfd8 17. Qe2 (17. e5 $5 {Dieser Zug wäre logischer, als 17.Qe2;
Weiß öffnet die Diagonale des katalanischen Läufers.}) 17... Qc4 $1 18. Qxc4
Nxc4 19. Ne2 e5 20. Rac1 b5 21. h3 exd4 22. hxg4 d3 23. Nf4 Nxb2 24. Rd2 Ba3 {
0-1 Glavina,P-Fressinet,L/Sanxenxo ESP 2004/(33)}) 15... Bc5 (15... Qc7 $2 16.
Bf4 e5 17. Qe2 $16) 16. Bxc5 (16. Ne7+ $2 Kh8 $17) 16... Qxc5 17. Qd4 Qxd4 18.
Nxd4 $14 {[%csl Ra5] Weiß verfügt über Raumvorteil und der schwarze Na5 steht
abseits} Rfd8 19. h3 (19. b3 $6 e5 $11) 19... Nf6 (19... Ne5 20. b3 $16 (20. b4
Nac4 21. f4 Ng6 22. Nxc6 bxc6 23. e5 $14)) 20. f4 {[%csl Ge4,Gf4] Weiß
mobilisiert seine Bauern im Zentrum.} (20. Nxc6 $6 Nxc6 $11 {[%cal Gc6d4]})
20... Nc4 $8 {Endlich kann Schwarz seinen Springer aktivieren.} (20... Kf8 21.
b4 (21. b3 $14) 21... Nc4 22. b5 Be8 23. e5 $16) 21. Nxc6 bxc6 22. b3 {Weiß
hat eine gesunde Bauernstruktur und der Pc6 stellt eine potentielle Schwächung
dar, aber diese ist wenig relevant, da Schwarz über ein aktives Figurenspiel
verfügt.} (22. e5 $5 Nd5 (22... Rxd1+ $2 23. Nxd1 Nd5 24. Rc1 $16) 23. Ne4 Nxb2
24. Rdc1 Rac8 25. Nd6 Rc7 26. Rab1 $44) 22... Ne3 23. Rxd8+ Rxd8 24. Bf3 Rd3 $6
(24... Rd2 $5 $132) 25. Rc1 {Schrittweise verbessert Weiß seine
Figurenstellung und möchte die gegnerischen Figuren von d3 und e3 verjagen.} g6
26. Be2 (26. Kf2 $2 Rxc3 27. Rxc3 Nd1+ 28. Bxd1 Nxe4+ $17) 26... Rd2 {Der
einzige Platz für den Turm, da er sonst nach 27.Kf2 seinen Springer verliert.}
27. Kf2 Rc2 28. Rxc2 Nxc2 {[%mdl 4096] Nach der Vereinfachung hat Weiß bessere
Aussichten im Endspiel: der Pc6 ist schwach und Weiß hat Raumvorteil.} 29. Bd1
(29. Bd3 Nb4 30. Bb1 $14) 29... Nb4 30. a3 (30. Ke3 c5 31. a3 Nc6 32. Kd3 $14)
30... Na6 31. Ke3 Nd7 (31... c5 $2 32. Nb5 $16) 32. Kd4 {[%csl Gd4]} Kf8 (32...
e5+ 33. Ke3 $14 (33. fxe5 Nac5 {[%cal Gc5e6,Ge6d4]})) 33. e5 (33. b4 c5+ 34.
bxc5 Naxc5 35. e5 $14) 33... Nc7 {[%csl Yd5][%cal Gc7d5]} 34. Bf3 Nd5 35. b4 (
35. Ne4 $14 {[%csl Yd6][%cal Ge4d6]}) 35... Ke7 (35... Nxc3 36. Kxc3 c5 37. Kc4
$16) 36. Bxd5 $1 $16 {Nach diesem Tausch erhält Weiß großen Positionsvorteil.}
(36. Ne4 $14) 36... cxd5 (36... exd5 37. b5 $16) 37. a4 {[%csl Ga4,Gb4,Gd4]
Weiß hat einen entfernten Freibauern am Damenflügel, während der Pd5 blockiert
ist.} Kd8 38. Nb5 a6 39. Nd6 f6 (39... Ke7 40. a5 $16) 40. a5 $6 (40. exf6 $1
Nxf6 41. Nb7+ Kc7 42. Nc5 {[%cal Rc5a6,Rc5e6]} Kd6 43. Nxa6 (43. g4 $18) 43...
Nh5 44. a5 Nxg3 45. b5 Nf5+ 46. Kd3 $18) 40... fxe5+ 41. fxe5 Kc7 $11 {[%csl
Gc7] Der schwarze König erscheint am Damenflügel. Weiß muss immer seinen
e5-Bauer mit dem König verteidigen und obwohl Weiß Raumvorteil hat, existieren
für ihn keine Eindringungsmöglichkeiten.} 42. b5 axb5 43. Nxb5+ Kc6 44. Na7+ (
44. Nd6 $11) 44... Kb7 45. Nb5 Kc6 1/2-1/2

[Event "American Continental 2nd"]
[Site "Buenos Aires"]
[Date "2003.08.25"]
[Round "7"]
[White "Kaidanov, Gregory S"]
[Black "Mieles Palau, Daniel"]
[Result "1-0"]
[WhiteElo "2638"]
[BlackElo "2468"]
[Annotator "Ribli,Z"]
[PlyCount "59"]
[EventDate "2003.08.17"]
[EventType "swiss"]
[EventRounds "11"]
[EventCountry "ARG"]
[SourceTitle "CBM 097"]
[Source "ChessBase"]
[SourceDate "2003.11.11"]
[SourceVersion "1"]
[SourceVersionDate "2003.11.11"]
[SourceQuality "1"]

1. d4 d5 2. c4 e6 3. Nf3 Nf6 4. g3 Be7 {Diese (sogenannte klassische) Variante
ist sehr populär in der letzten Zeit. Mit einfachen Entwicklungszügen möchte
Schwarz das Spiel ausgleichen.} 5. Bg2 O-O 6. O-O Nbd7 {Das ist der
Einführungszug der geschlossenen Variante, wo Schwarz nicht auf c4 nimmt und
mit c6, b6, Bb7 (eventuell) Ba6 er bereitet stufenweise den Ausgleichzug c6-c5
vor.} 7. Qc2 dxc4 $6 {Aber nicht so! Mit dem Zugpaar 6...Nbd7 7.Qc2 erscheint
dieser Zug weniger logisch. Nach 6...dxc4 (was wahrscheinlich die beste
Möglichkeit für Schwarz darstellt) 7.Qc2 spielt Schwarz gewöhnlich 7...a6 mit
der Idee 8...b5 und 9...Bb7.} 8. Qxc4 c5 9. Rd1 {[%cal Gd1d8]} (9. Nc3 Nb6 10.
Qd3 cxd4 11. Nxd4 Nbd5 12. Nxd5 Nxd5 13. Rd1 $14) 9... cxd4 10. Nxd4 {[%csl
Rc8][%cal Gg2a8] Eine typisch katalanische Traumstellung für Weiß - der g2B
kontrolliert die Diagonale h1-a8 und der c8B hat schwere Entwicklungsprobleme.}
a6 (10... Qb6 11. Nc3 a6 (11... Qc5 12. Qb3 Qb4 13. Qc2 e5 14. a3 Qc4 15. Nd5
Qc5 16. b4 Qd6 17. Nf5 {1-0 Usachyi,M-Pape,K/Dresden 2001/CBM 84 ext (17)}) 12.
Nb3 Ne5 13. Qd4 (13. Qf4 $5) 13... Qxd4 14. Rxd4 Nc6 15. Bxc6 bxc6 16. Rc4 Bd7
17. Be3 Rfc8 18. Na4 Nd5 19. Bc5 {1-0 Goldin,A-Duckworth,W/Los Angeles 1991/
EXT 2000 (46)}) (10... Nb6 11. Qb3 Bd7 12. Nc3 Qc8 13. Bf4 {1-0 Velikov,
P-Kasioura,F/Ikaria 1994/EXT 97 (23)}) 11. Qc2 $5 {Weiß verbessert seine
Damestellung, weil die Dame auf c4 exponiert war.} (11. Nc3 $14) 11... Bc5 12.
Nb3 (12. Nc3 $14) 12... Ba7 (12... Be7 13. Na3 $14 {[%csl Yd6][%cal Ga3c4,
Gc4d6]} (13. Nc3 $14)) 13. Na3 $1 {[%cal Ga3c4,Gc4d6,Gc4e5][%mdl 32] Diese
Springerentwicklung ist noch stärker als der natürliche Springerzug 13.Nc3.
Jetzt zielt der weiße Springer auf die Felder d6 und e5.} (13. Nc3 $14) 13...
Qe7 (13... Ng4 14. e3 $14) 14. Bd2 $1 {Der Läuferzug richtet sich gegen die
Möglichkeit 14...Rd8.} (14. Nc4 $14) 14... Rb8 (14... Rd8 15. Ba5 Bb6 16. Bxb6
Nxb6 17. Qc5 $1 $16) 15. Nc4 b6 {Schwarz möchte endlich seinen c8-Läufer
entwickeln.} (15... b5 $2 16. Nca5 {[%csl Yc6][%cal Ra5c6,Rc6b8,Rc6e7]} Ne5 17.
Bf4 Nfg4 18. e3 $16 {Droht jetzt 19.Nc6 Nxc6 20.Bd6 und 19.h3.}) 16. Nd4 Bb7
17. Bf4 e5 (17... Bxg2 $2 18. Bxb8 Be4 19. Bd6 Bxc2 (19... Qxd6 20. Nxd6 Bxc2
21. Nxc2 $18) 20. Bxe7 Bxd1 21. Bxf8 Ba4 22. Bb4 b5 {[%cal Rb5c4,Ra7d4]} 23.
Nc6 Bxf2+ 24. Kxf2 bxc4 25. Ne7+ $18) 18. Nf5 Qc5 (18... Qe6 19. Bxb7 Rxb7 (
19... exf4 20. Nd4 Qh3 21. Bg2 $16) 20. Ncd6 Rbb8 21. Bg5 $16) 19. Be3 $16 {
[%csl Gc4,Rc5,Gd1,Ge3,Gf5,Gg2][%mdl 2048] Weiß hat ausgezeichnetes
Figurenspiel, während die schwarze Dame schlecht steht und keine Ruhe findet.}
Qc7 20. Bxb7 Rxb7 (20... Qxb7 21. Ncd6 Qa8 22. Ne7+ Kh8 23. Qb3 $18 {[%cal
Rd6f7,Rf7h8]}) 21. Rac1 {[%cal Gc1c7]} g6 {Dieser Zug verliert, aber guter Rat
ist schon teuer.} 22. Ne7+ Kg7 (22... Kh8 23. Bh6 $18) 23. Qd2 {[%cal Rd2h6,
Rh6f8]} Re8 24. Bh6+ Kh8 25. Nd6 $18 {[%csl Rh8][%cal Rc1c7,Rd6e8,Rd6b7,Rd6f7,
Rf7h8] Droht einzügiges Matt - 26.Nxf7#.} Rxe7 26. Rxc7 Rxc7 27. Rc1 (27. Nb5
axb5 28. Qd6 $18 {[%cal Rd6c7,Rd6e7,Gd6f6] Nun hängen die Türme auf c7 und e7
und wenn der d7N geht irgendwohin, kommt 29.Qxf6+.}) 27... Nc5 28. Bg5 Re6 29.
Bxf6+ Rxf6 30. Qh6 (30. Ne8 Ne4 31. Nxf6 $18) (30. Qh6 Kg8 31. Ne8 $18) 1-0